[Event "AUTO-ELITE-2480"]
[Site "http://www.queenalice.com/game.php?id=1864106"]
[Date "2025.10.11"]
[Round "3"]
[White "Sexxy_Bunny"]
[Black "CAPABLANCA79"]
[Result "1/2-1/2"]
[WhiteElo "2681"]
[BlackElo "2544"]

1. e4 c5 2. Nf3 d6 3. d4 cxd4 4. Nxd4 Nf6 5. Nc3 a6 6. Be3 e5 7. Nb3 Be6 8. f3
h5 9. Qd2 Nbd7 10. Nd5 Bxd5 11. exd5 g6 12. Be2 Bg7 13. O-O b6 14. c4 O-O 15.
Rae1 a5 16. Na1 h4 17. Nc2 Nh5 18. Na3 f5 19. Nb5 f4 20. Bf2 e4 21. fxe4 Ng3 22.
hxg3 hxg3 23. Bg4 Ne5 24. Bh3 gxf2+ 25. Rxf2 Kh7 26. Ref1 Bh6 27. Qe2 Qh4 28.
Nd4 Rae8 29. Nf3 Nxf3+ 30. Rxf3 Bg7 31. Qd3 Qf6 32. Be6 Qd4+ 33. Kh2 Qxd3 34.
Rxd3 Kh6 35. b3 Rh8 36. Kg1 Kg5 37. Kf2 Be5 38. Rh3 Rxh3 39. gxh3 Bd4+ 40. Ke2
Rh8 41. Kd3 Be5 42. Rg1+ Kf6 43. Bg4 Rf8 44. Rf1 Kg5 1/2-1/2

[Event "AUTO-ELITE-2480"]
[Site "http://www.queenalice.com/game.php?id=1864107"]
[Date "2025.10.11"]
[Round "3"]
[White "CAPABLANCA79"]
[Black "Sexxy_Bunny"]
[Result "1/2-1/2"]
[WhiteElo "2553"]
[BlackElo "2678"]

1. e4 c5 2. Nf3 d6 3. d4 cxd4 4. Nxd4 Nf6 5. Nc3 a6 6. h3 e5 7. Nb3 Be6 8. Be3
Be7 9. f4 exf4 10. Bxf4 O-O 11. Qf3 Nbd7 12. O-O-O Rc8 13. g4 h6 14. Kb1 Re8 15.
Be2 b5 16. Rhf1 Qc7 17. Nd4 Ne5 18. Qg2 g5 19. Be3 Qb7 20. Bd3 Rxc3 21. bxc3 Qc7
22. Nxe6 fxe6 23. Bd4 Nfd7 24. Qf2 Rf8 25. Qe3 Rc8 26. Ka1 Qa5 27. Be2 Nc6 28.
Kb1 Qc7 29. Qd2 Nce5 30. c4 bxc4 31. Ka1 Qc6 32. Qe3 Ng6 33. Qa3 Nf4 34. Bf3 Bf8
35. Rb1 e5 36. Bc3 Nc5 37. Qa5 Qd7 38. Rfd1 Nfe6 39. Bb4 Nd4 40. c3 Nc2+ 41. Kb2
Nxb4 42. cxb4 Nd3+ 43. Rxd3 cxd3 44. Qd5+ Qf7 45. Rc1 Rb8 46. Kc3 Qxd5 47. exd5
e4 48. Bxe4 Bg7+ 49. Kxd3 Rxb4 50. Rc6 Be5 51. Rxa6 Kf7 52. a4 h5 53. gxh5 Rb3+
54. Kc4 Rxh3 55. Kb5 g4 56. Rc6 Rb3+ 57. Ka5 Kg7 58. Bc2 Rb2 59. Rc4 g3 60. Rg4+
Kf8 61. Be4 Rh2 62. Kb6 Rxh5 63. a5 Rh2 64. a6 Ke7 65. Bf3 Rb2+ 66. Kc7 Ra2 67.
Kb7 Rb2+ 68. Kc7 1/2-1/2